Cambios hegemónicos y el nuevo orden internacional : la visión desde el mundo en vías de desarrollo /

Сохранить в:
Библиографические подробности
Главный автор: Bienfeld, Manfred
Формат: Неизвестно
Язык:Spanish
Опубликовано: Guatemala : Asociación para el Avance de las Ciencias Sociales en Guatemala, 1995.
Предметы:
Метки: Добавить метку
Нет меток, Требуется 1-ая метка записи!

MARC

LEADER 000000000a22000000004500
001 002485
041 0 |a spa 
082 0 4 |a 338.91   |b B588c AVANCSO 
100 1 |a Bienfeld, Manfred 
245 1 0 |a Cambios hegemónicos y el nuevo orden internacional :   |b la visión desde el mundo en vías de desarrollo /   |c Manfred Bienfeld. 
260 1 |a Guatemala :   |b Asociación para el Avance de las Ciencias Sociales en Guatemala,   |c 1995. 
300 |a 22 páginas 
500 |a En: Colección Textos para Debate 
650 4 |a COMERCIO 
650 4 |a ECONOMIA INTERNACIONAL 
650 4 |a COMPETENCIA ECONOMICA 
999 |c 8918  |d 8918 
942 |c BK  |h 338.91 B588c AVANCSO  |2 z